Guess the film from the letterboxd review - Statistics

General Stats
  • This quiz has been taken 149 times
  • The average score is 5 of 15
Answer Stats
Hint Answer % Correct
"why doesn't my sleep deprivation have brad pitt as a side effect" Fight Club
66%
"fellas, is it gay to go inside ur bros dreams?" Inception
64%
"A relationship should be 50/50... they cheat on you, and you frame them for murder" Gone Girl
60%
"The male urge to dilute your friends' shares to 0.03%" The Social Network
52%
"josh peck goes nuclear (not clickbait)" Oppenheimer
50%
"gotta add jazz to my list of irrational fears" Whiplash
45%
"Imagine being left out of your family's suicide lmao" Midsommar
38%
"pretty sure this is how travis meeting kylie's family looked like" Get Out
37%
"oscar-worthy performance by leo pretending to like women his own age" Don't Look Up
34%
"tell me you wouldn't cry too if your son grows up to be casey affleck" Interstellar
32%
"Call Me By the Name I Gave Myself" Lady Bird
18%
"sometimes a family is a mother and a daughter and a gay dad and two straight dads and two vodka aunts" Mamma Mia!
18%
"the bible says adam and eve not florence and the machine" Her
13%
"goodbye hot girl summer, hello feral girl fall" Pearl
7%
"emily not in paris" The Devil Wears Prada
4%
No matching quizzes found
Score Distribution
Percent of People with Each Score
Percentile by Number Answered
Your Score History
You have not taken this quiz